| 000 | 00576nam a22001937a 4500 | ||
|---|---|---|---|
| 005 | 20251108170754.0 | ||
| 008 | 250721s2000 xx 000 0 ara d | ||
| 082 | 1 | 4 | _a615.882/مطر |
| 100 | 1 | _aمطر، أحمد | |
| 245 | 1 | 0 | _aتذكرة أولي الألباب لعلاج أمراض الصدر / |
| 264 | 1 |
_aبيروت : _bدار اليوسف، _c2000. |
|
| 300 | _a88ص | ||
| 650 | 1 | 7 | _aطب الأعشاب |
| 650 | 1 | 7 | _aالطب الشعبي |
| 650 | 1 | 7 | _aالأمراض الصدرية |
| 700 | 1 | _aالبرجي، طارق | |
| 942 |
_2ddc _cBK |
||
| 999 |
_c48622 _d48622 |
||